| 000 | 00563nam a2200169 i 4500 | ||
|---|---|---|---|
| 001 | 129171 | ||
| 003 | ES-MaACL | ||
| 005 | 20230906193442.0 | ||
| 007 | t| | ||
| 008 | 070607s1972 sp ||||1| spa d | ||
| 245 | 0 | 0 | _aTeo y el autocar de las ocho quince y 19 cuentos más. |
| 260 |
_aMadrid : _b[Confederación Española de Cajas de Ahorros], _c1972. |
||
| 300 |
_a232 p., 3 h. : _bil. ; _c21 cm. |
||
| 500 | _aVII. Concurso de cuentos Hucha de Oro. | ||
| 710 | 2 |
_aConfederación Española de Cajas de Ahorros. _93148 |
|
| 852 |
_aES-MaACL _jC-52991 _bR.86254 |
||
| 999 |
_c129171 _d129171 |
||